<?xml version="1.0" encoding="UTF-8"?><?xml-stylesheet type="text/xsl" href="static/style.xsl"?><OAI-PMH xmlns="http://www.openarchives.org/OAI/2.0/" xmlns:xsi="http://www.w3.org/2001/XMLSchema-instance" xsi:schemaLocation="http://www.openarchives.org/OAI/2.0/ http://www.openarchives.org/OAI/2.0/OAI-PMH.xsd"><responseDate>2026-04-29T04:08:51Z</responseDate><request verb="GetRecord" identifier="oai:repisalud.isciii.es:20.500.12105/8582" metadataPrefix="marc">https://repisalud.isciii.es/rest/oai/request</request><GetRecord><record><header><identifier>oai:repisalud.isciii.es:20.500.12105/8582</identifier><datestamp>2024-10-31T11:41:15Z</datestamp><setSpec>com_20.500.12105_19604</setSpec><setSpec>com_20.500.12105_2051</setSpec><setSpec>col_20.500.12105_19605</setSpec></header><metadata><record xmlns="http://www.loc.gov/MARC21/slim" xmlns:dcterms="http://purl.org/dc/terms/" xmlns:doc="http://www.lyncode.com/xoai" xmlns:xsi="http://www.w3.org/2001/XMLSchema-instance" xsi:schemaLocation="http://www.loc.gov/MARC21/slim http://www.loc.gov/standards/marcxml/schema/MARC21slim.xsd">
   <leader>00925njm 22002777a 4500</leader>
   <datafield ind2=" " ind1=" " tag="042">
      <subfield code="a">dc</subfield>
   </datafield>
   <datafield ind2=" " ind1=" " tag="720">
      <subfield code="a">Ferreira, João Pedro</subfield>
      <subfield code="e">author</subfield>
   </datafield>
   <datafield ind2=" " ind1=" " tag="720">
      <subfield code="a">Rossello, Xavier</subfield>
      <subfield code="e">author</subfield>
   </datafield>
   <datafield ind2=" " ind1=" " tag="720">
      <subfield code="a">Pitt, Bertram</subfield>
      <subfield code="e">author</subfield>
   </datafield>
   <datafield ind2=" " ind1=" " tag="720">
      <subfield code="a">Rossignol, Patrick</subfield>
      <subfield code="e">author</subfield>
   </datafield>
   <datafield ind2=" " ind1=" " tag="720">
      <subfield code="a">Zannad, Faiez</subfield>
      <subfield code="e">author</subfield>
   </datafield>
   <datafield ind2=" " ind1=" " tag="260">
      <subfield code="c">2019-11</subfield>
   </datafield>
   <datafield ind2=" " ind1=" " tag="520">
      <subfield code="a">BACKGROUND: Trials using mineralocorticoid receptor antagonists (MRAs) in myocardial infraction (MI) without heart failure (HF) or systolic impairment have been underpowered to assess morbidity-mortality benefit. In EPHESUS 6632 patients were included, of whom 11% had an ejection fraction (EF) of 40% and HF or diabetes. We aim to assess the potential benefit of MRAs in MI with EF of 40%. METHODS: Cox models with interaction term for EF. The primary outcome was a composite of cardiovascular death or hospitalization for cardiovascular reasons. HYPOTHESIS: Patients with an EF of 40% benefit similarly from MRA therapy to those with an EF &lt;40%. RESULTS: In EPHESUS, 753 patients had an EF = 40% and 5864 an EF &lt; 40%. Patients with an EF = 40% were younger (63 vs 64 years), had lower heart rate (73 vs 75 bpm), less atrial fibrillation (10% vs 14%), previous MI (21% vs 28%), HF hospitalization (5% vs 8%), and had more often reperfusion therapy and/or revascularization (55% vs 44%). The mean EF was 40.0 ± 0.3% in those with EF = 40% vs 32.2 ± 5.9% in those with EF &lt; 40%. The primary outcome occurred in 13.3% (10 events per 100 py) of the patients with EF = 40% vs 22.9% (19 events per 100 py) in those with EF &lt; 40%; adjusted HR for EF = 40% vs &lt;40% = 0.65 (0.53-0.81). Eplerenone reduced the event-rate homogenously regardless of EF (interaction p EF = 40% vs EF &lt; 40% = 0.21). Similar findings were observed for cardiovascular and all-cause death. CONCLUSION: Eplerenone reduces hospitalizations and mortality in patients with MI and EF = 40% similarly to patients with EF &lt; 40%. These findings suggest that MI patients with EF in the "mid-range zone" may also benefit from MRA therapy which might help clinicians in their treatment decisions.</subfield>
   </datafield>
   <datafield ind1="8" ind2=" " tag="024">
      <subfield code="a">Clin Cardiol. 2019; 42(11):1106-1112</subfield>
   </datafield>
   <datafield ind1="8" ind2=" " tag="024">
      <subfield code="a">0160-9289</subfield>
   </datafield>
   <datafield ind1="8" ind2=" " tag="024">
      <subfield code="a">http://hdl.handle.net/20.500.12105/8582</subfield>
   </datafield>
   <datafield ind1="8" ind2=" " tag="024">
      <subfield code="a">31482613</subfield>
   </datafield>
   <datafield ind1="8" ind2=" " tag="024">
      <subfield code="a">10.1002/clc.23261</subfield>
   </datafield>
   <datafield ind1="8" ind2=" " tag="024">
      <subfield code="a">1932-8737</subfield>
   </datafield>
   <datafield ind1="8" ind2=" " tag="024">
      <subfield code="a">Clinical cardiology</subfield>
   </datafield>
   <datafield tag="653" ind2=" " ind1=" ">
      <subfield code="a">Ejection fraction</subfield>
   </datafield>
   <datafield tag="653" ind2=" " ind1=" ">
      <subfield code="a">Eplerenone</subfield>
   </datafield>
   <datafield tag="653" ind2=" " ind1=" ">
      <subfield code="a">Mineralocorticoid receptor antagonists</subfield>
   </datafield>
   <datafield tag="653" ind2=" " ind1=" ">
      <subfield code="a">Myocardial infarction</subfield>
   </datafield>
   <datafield tag="653" ind2=" " ind1=" ">
      <subfield code="a">Treatment effect</subfield>
   </datafield>
   <datafield ind2="0" ind1="0" tag="245">
      <subfield code="a">Eplerenone in patients with myocardial infarction and "mid-range" ejection fraction: An analysis from the EPHESUS trial</subfield>
   </datafield>
</record></metadata></record></GetRecord></OAI-PMH>